000 00801nam a2200241 a 4500
001 64319
003 BD-RjUL
005 20211209081307.0
008 170213s1983 ii ||||| |||| 001 0 eng d
035 _a(BD-RjUL)64449
040 _aBD-RjUL
_beng
_cBD-RjUL
_dBD-RjUL
041 _aeng
082 _223
_a338.95492
_bPAK 1983
245 1 0 _aPakistan :
_bthe roots of dictatorship : the political economy of a praetorian state /
_cEd by Hassan N Gardezi; Jamil Rashid
260 _aLondon :
_bZed,
_cc1983.
300 _a394 p, ;
_c24 cm.
500 _aInclude index
650 _aIslam et politique -- Pakistan.
_9190966
650 _aPakistan -- Politique et gouvernement -- 1947- ...
_9190967
700 _aGardezi, Hassan N
_9190968
700 _aRashid, Jamil
_9190969
942 _2ddc
_cBK
999 _c64319
_d64319